Διάσπαση Προσοχής και Υπερκινητικότητα Παιδιών και Εφήβων / Διάγνωση - Αξιολόγηση - Αντιμετώπιση (Record no. 8149)
[ view plain ]
| 000 -LEADER | |
|---|---|
| fixed length control field | 01561cam a22002054a 4500 |
| 005 - ΗΜΕΡΟΜΗΝΙΑ ΚΑΙ ΩΡΑ ΤΕΛΕΥΤΑΙΑΣ ΕΝΗΜΕΡΩΣΗΣ | |
| Πεδίο ελέγχου | 20250605164328.0 |
| 008 - FIXED-LENGTH DATA ELEMENTS--GENERAL INFORMATION | |
| Πεδίο ελέγχου σταθερού μήκους | 250528s ||||||||||||||||||||||||d |
| 035 ## - SYSTEM CONTROL NUMBER | |
| System control number | 23119 |
| 020 ## - ISBN | |
| ISBN | 9607464311 |
| 040 ## - ΠΗΓΗ ΚΑΤΑΛΟΓΟΓΡΑΦΗΣΗΣ | |
| Φορέας πρωτότυπης καταλογογράφησης | MC Athens Campus Library |
| Γλώσσα καταλογογράφησης | Ελληνικά, Μοντέρνα (1453-) |
| Modifying agency | MC Athens Campus Library |
| Κανόνες περιγραφικής καταλογογράφησης | AACR2 |
| 245 1# - ΤΙΤΛΟΣ ΚΑΙ ΔΗΛΩΣΗ ΥΠΕΥΘΥΝΟΤΗΤΑΣ | |
| Τίτλος | Διάσπαση Προσοχής και Υπερκινητικότητα Παιδιών και Εφήβων / Διάγνωση - Αξιολόγηση - Αντιμετώπιση |
| 250 ## - EDITION STATEMENT | |
| Edition statement | 2η |
| 260 ## - PUBLICATION, DISTRIBUTION, ETC. | |
| Name of publisher, distributor, etc. | Πλοηγός, |
| Date of publication, distribution, etc. | 2005 |
| 300 ## - PHYSICAL DESCRIPTION | |
| Extent | 104 |
| 520 ## - SUMMARY, ETC. | |
| Summary, etc. | Επειδή το κάθε παιδί είναι μοναδικό στον τρόπο που μαθαίνει και συμπεριφέρεται, είναι σημαντικό να υπάρχει σταθερό και δομημένο περιβάλλον, ξεκάθαροι κανόνες και σταθερότητα στο σπίτι και στο σχολείο. Εισαγωγή, Έννοια και Ιστορική Αναδρομή της ΔΕΠ/ Υ, Χαρακτηριστικά Παιδιών με ΔΕΠ/ Υ, Διάγνωση της ΔΕΠ/ Υ, Διαφορική Διάγνωση της ΔΕΠ/ Υ, Επιδημιολογία της ΔΕΠ/ Υ, Αιτιολογία της ΔΕΠ/ Υ, Συνοδά Δευτερογενή Συμπτώματα της ΔΕΠ/ Υ, Πρόγνωση και Εξέλιξη της ΔΕΠ/ Υ, Πρώϊμη Παρέμβαση, Επίλογος, Βιβλιογραφία. |
| 700 1# - ΠΡΟΣΘΕΤΗ ΑΝΑΓΡΑΦΗ--ΦΥΣΙΚΟ ΠΡΟΣΩΠΟ | |
| Personal name | Τρίγκα-Μερτίκα Ελένη Δ |
| 9 (RLIN) | 8682 |
| 942 ## - ADDED ENTRY ELEMENTS (KOHA) | |
| Koha item type | Books |
| Τύπος τεκμηρίου | Βιβλιοθήκη | Τρέχουσα τοποθεσία | Barcode | Αριθμός εισαγωγής | Ημερομηνία απόκτησης | Ταξιθετικό σύμβολο | Αριθμός αντιτύπου | Κατάσταση απόσυρσης | Κατάσταση χαμένου | Κατάσταση κατεστραμμένου | Μη δανεισμός | Σύνολο δανεισμών | Ημερομηνία τελευταίας εμφάνισης | Η τιμή ισχύει από |
|---|---|---|---|---|---|---|---|---|---|---|---|---|---|---|
| Books | MC Athens Campus Library | MC Athens Campus Library | 9780000081483 | 7655 | 05/06/2025 | 370.158 TRI | 1 | 05/06/2025 | 05/06/2025 |